Quiz do Fluminense? - Statistics

Estatísticas Gerais
  • Esse quiz foi jogado 331 vezes
  • A pontuação média é 15 de 21
Estatísticas das Respostas
Hint Resposta % Correto
Maior artilheiro em jogos oficias Fred
98%
Ano do título do Mundial 1952
91%
Número de gols marcados pelo jogador acima (pelo Flu) 199
91%
Ano da fundação 1902
89%
Nome do Coração Valente Washington
89%
Número de finais de Copa do Brasil (2022) 3
86%
Nome do clássico com o Botafogo Vovô
84%
Ano do título da Série C 1999
83%
Maior torcida organizada Young Flu
83%
Time que perdeu para o Flu e decretou o Tetra do Brasileirão Palmeiras
82%
Ano do segundo título brasileiro 1984
81%
Nome da dupla composta por Assis e Washington Casal 20
72%
Vice campeão daquele ano Vasco
71%
Técnico do Tri do Brasileirão Muricy
66%
Técnico que nos salvou em 2009 Cuca
64%
Maior artilheiro Waldo
61%
Jogador com mais jogos pelo Flu Castilho
60%
Ano do primeiro vice campeonato da Copa do Brasil 1992
59%
Barra brava do Flu Bravo 52
56%
Autor do gol do título de 1970 Mickey
33%
Nome do estádio Manoel Schwartz
32%
Nenhum quiz correspondente encontrado
Distribuição das Pontuações
Porcentagem de Pessoas com Cada Pontuação
Percentil de Números Respondidos
Sua Pontuação Histórica
Você não jogou esse quiz